Every Bradford City Premier League Goalscorer Quiz Stats

 Plays Quiz not verified by Sporcle

Challenge
Share
Tweet
Embed
Score 0/20 Timer 07:00
0 Plays Today
Goals Name % Correct
13Dean Windass
97.1%
5Benito Carbone
95.7%
3David Wetherall
94.2%
1Dan Petrescu
93.5%
2Stuart McCall
89.9%
3Dean Saunders
89.2%
2Stan Collymore
86.6%
6Robbie Blake
85.9%
4Jamie Lawrence
85.2%
8Peter Beagrie
84.8%
Goals Name % Correct
5Lee Mills
84.5%
1Robert Molenaar
83.4%
4Ashley Ward
82.7%
1Neil Redfearn
80.1%
3Eoin Jess
79.1%
2Wayne Jacobs
77.6%
1Andy O'Brien
77.3%
1John Dreyer
74%
1Gareth Whalley
74%
1Andy Myers
69.3%

You're not logged in!

Compare scores with friends on all Sporcle quizzes.
OR
Log In

You Might Also Like...

Show Comments

Extras

Top Quizzes Today


Score Distribution

Your Account Isn't Verified!

In order to create a playlist on Sporcle, you need to verify the email address you used during registration. Go to your Sporcle Settings to finish the process.

Report this User

Report this user for behavior that violates our Community Guidelines.

Details: